Sommes-Nous nés en France ? - Mort Subite - Statistiques

Statistiques générales
  • Ce quiz a été pris 469 fois
  • Le résultat moyen est 3 sur 15
Answers on the Grid
Answers color-coded by a green-red scale on the quiz's grid according to % correct below.
Jean-Paul Sartre
Gims
Édouard Baer
Mylene Farmer
Angèle
Jamel Debbouze
Gérard Depardieu
Valéry Giscard d'Estaing
Daft Punk
Charles Leclerc
Céline Dion
Michel Platini
Alain Chabat
Jean-Luc Mélenchon
Claude François
Jacques Brel
Éric Zemmour
Cyprien
Teddy Riner
Zinédine Zidane
Marie Curie
Philippe Etchebest
Dalida
Édith Piaf
Yves Montand
Nabilla
Romain Gary
Charles Aznavour
Jean Dujardin
Jean Reno
 
Statistiques - réponses
Réponse % Correct
Jean-Paul Sartre
49%
Daft Punk
32%
Gérard Depardieu
30%
Édouard Baer
24%
Jean Dujardin
23%
Philippe Etchebest
20%
Michel Platini
19%
Teddy Riner
15%
Zinédine Zidane
15%
Édith Piaf
14%
Cyprien
13%
Jamel Debbouze
13%
Éric Zemmour
10%
Nabilla
10%
Charles Aznavour
5%
Aucun quiz correspondant
Distribution des résultats
% des personnes avec chaque résultat
Percentile par nombre de réponses
Votre historique - résultats
Vous n’avez pas pris ce quiz